000 00710nam a2200289Ia 4500
005 20260324135804.0
008 008 260324s9999 xx 000 0 eng d
020 _a9781315193168
037 _aEBOOK
040 _aCRL
040 _beng
040 _cCRL
041 _2eng
041 _aeng
084 _qCRL
100 _aJanice Helland
_91201921
245 0 _aProfessional Women Painters in Nineteenth-Century Scotland
245 0 _bCommitment, Friendship, Pleasure
260 _bTaylor and Francis
260 _c2000
365 _a
365 _b180
856 _uhttp://www.taylorfrancis.com/books/9781315193168
942 _cEBOOK
999 _c1803362
_d1803362